[Event "2021 FIDE Online Olympiad"]
[Site "Chess.com"]
[Date "2021.08.29"]
[Round "7.1"]
[White "Sanchez Alvarez, Roberto Carlos"]
[Black "Cardenas Carbajal, Nilson"]
[Result "1-0"]
[WhiteElo "2418"]
[BlackElo "2074"]
[PlyCount "57"]
[EventDate "2021.08.27"]
[EventType "team"]
[EventRounds "9"]
[SourceVersionDate "2018.05.14"]
[WhiteTeam "Panama"]
[BlackTeam "Honduras"]
[WhiteTeamCountry "PAN"]
[BlackTeamCountry "HON"]

1. d4 Nf6 2. Nf3 g6 3. c4 Bg7 4. Nc3 d5 5. Qb3 dxc4 6. Qxc4 O-O 7. e4 c5 8.
Qxc5 Bg4 9. Be3 Nc6 10. d5 Bxf3 11. gxf3 Ne5 12. Be2 Qd7 13. f4 Neg4 14. Bd4 a6
15. h3 Rac8 16. Qb6 Nh6 17. Rd1 Rfd8 18. Kf1 Rc7 19. Be5 Rcc8 20. Bf3 Rxc3 21.
bxc3 Rc8 22. Rb1 Qa4 23. Qb3 Qa5 24. Qxb7 Rxc3 25. Bxc3 Qxc3 26. Qb8+ Bf8 27.
Kg2 Qc2 28. Rhc1 Qd2 29. Rc8 1-0

[Event "2021 FIDE Online Olympiad"]
[Site "Chess.com"]
[Date "2021.08.29"]
[Round "7.4"]
[White "Ortiz, Katherine Berenice"]
[Black "Chung, Yaleika"]
[Result "0-1"]
[WhiteElo "1842"]
[BlackElo "1744"]
[PlyCount "120"]
[EventDate "2021.08.27"]
[EventType "team"]
[EventRounds "9"]
[SourceVersionDate "2018.05.14"]
[WhiteTeam "Honduras"]
[BlackTeam "Panama"]
[WhiteTeamCountry "HON"]
[BlackTeamCountry "PAN"]

1. d4 Nf6 2. Bf4 d5 3. e3 c6 4. Bd3 Bg4 5. Nf3 e6 6. Nbd2 Bh5 7. O-O Be7 8. c4
Bg6 9. Qc2 Bxd3 10. Qxd3 Nbd7 11. Ne5 Nh5 12. Nxd7 Nxf4 13. exf4 Qxd7 14. Nf3
dxc4 15. Qxc4 O-O 16. Ne5 Qd5 17. Qxd5 cxd5 18. Rac1 Rac8 19. g3 Bd6 20. Rfe1
Bxe5 21. fxe5 Rfd8 22. Kf1 Kf8 23. Ke2 Ke7 24. Kd2 Kd7 25. f4 Rc6 26. Rxc6 bxc6
27. Rc1 Rb8 28. Kc3 a5 29. b3 Rb5 30. a4 Rb4 31. Rf1 g6 32. g4 c5 33. dxc5 Kc6
34. h3 Kxc5 35. f5 gxf5 36. gxf5 Rh4 37. fxe6 fxe6 38. Rf6 d4+ 39. Kc2 Kd5 40.
Rf8 Kxe5 41. Ra8 Ke4 42. Rxa5 Rxh3 43. Rg5 Rh2+ 44. Kc1 d3 45. a5 Kf4 46. Rg7
e5 47. Rf7+ Ke3 48. Rf1 Ra2 49. Re1+ Kd4 50. Kb1 Rxa5 51. Kb2 e4 52. b4 Rb5 53.
Kb3 e3 54. Ka4 Rb8 55. b5 d2 56. Rd1 Kd3 57. Rh1 e2 58. Rh3+ Kc2 59. Rxh7 d1=Q
60. Kb4 e1=Q+ 0-1

[Event "2021 FIDE Online Olympiad"]
[Site "Chess.com"]
[Date "2021.08.29"]
[Round "7.5"]
[White "Batista Rosas, Nicolas Arturo"]
[Black "Zuniga Garcia, German"]
[Result "1-0"]
[WhiteElo "1642"]
[BlackElo "1431"]
[PlyCount "67"]
[EventDate "2021.08.27"]
[EventType "team"]
[EventRounds "9"]
[SourceVersionDate "2018.05.14"]
[WhiteTeam "Panama"]
[BlackTeam "Honduras"]
[WhiteTeamCountry "PAN"]
[BlackTeamCountry "HON"]

1. d4 Nf6 2. c4 e6 3. Nc3 Bb4 4. e3 c5 5. Nge2 O-O 6. a3 cxd4 7. exd4 Be7 8. g3
d5 9. c5 b6 10. b4 a5 11. Bb2 Ne4 12. Nxe4 dxe4 13. Bg2 f5 14. O-O Ba6 15. Re1
Nc6 16. Nf4 Bc4 17. b5 Na7 18. Rc1 g5 19. Rxc4 gxf4 20. a4 f3 21. Bf1 Rc8 22.
c6 Rc7 23. Qb3 Qd5 24. Qe3 Nc8 25. Rc2 Nd6 26. Ba3 f4 27. Qc1 Bg5 28. Bxd6 fxg3
29. Bc4 Qf5 30. Bxe6+ Qxe6 31. Qxg5+ Rg7 32. Qxg7+ Kxg7 33. Bxf8+ Kxf8 34. c7
1-0

[Event "2021 FIDE Online Olympiad"]
[Site "Chess.com"]
[Date "2021.08.29"]
[Round "7.6"]
[White "Viana, Valeria"]
[Black "Delgado Rosas, Fatima Alexandra"]
[Result "1-0"]
[WhiteElo "1325"]
[BlackElo "1369"]
[PlyCount "61"]
[EventDate "2021.08.27"]
[EventType "team"]
[EventRounds "9"]
[SourceVersionDate "2018.05.14"]
[WhiteTeam "Honduras"]
[BlackTeam "Panama"]
[WhiteTeamCountry "HON"]
[BlackTeamCountry "PAN"]

1. e4 c5 2. Nf3 g6 3. d4 cxd4 4. Nxd4 Nc6 5. Be2 Bg7 6. Nb3 Nf6 7. Nc3 e6 8.
O-O O-O 9. Be3 d5 10. exd5 Nxd5 11. Nxd5 exd5 12. c3 Re8 13. Bf3 Be6 14. Qd2
Ne5 15. Be2 Nc4 16. Bxc4 dxc4 17. Nd4 a6 18. h3 Qe7 19. Bh6 Bh8 20. Qf4 Qf6 21.
Nxe6 Rxe6 22. Qxf6 Bxf6 23. Be3 Rd8 24. Rad1 Red6 25. Rxd6 Rxd6 26. Rc1 Be5 27.
Kf1 f5 28. g3 Rd3 29. Ke2 Kf7 30. b3 cxb3 31. Kxd3 1-0

[Event "2021 FIDE Online Olympiad"]
[Site "Chess.com"]
[Date "2021.08.29"]
[Round "8.2"]
[White "Cardenas Carbajal, Nilson"]
[Black "Rodriguez Santiago, Jaime"]
[Result "0-1"]
[WhiteElo "2074"]
[BlackElo "2037"]
[PlyCount "110"]
[EventDate "2021.08.27"]
[EventType "team"]
[EventRounds "9"]
[SourceVersionDate "2018.05.14"]
[WhiteTeam "Honduras"]
[BlackTeam "Puerto Rico"]
[WhiteTeamCountry "HON"]
[BlackTeamCountry "PUR"]

1. e4 g6 2. d4 d6 3. Be3 Bg7 4. Qd2 c6 5. Nc3 b5 6. h4 h5 7. Nh3 Bxh3 8. Rxh3
Nd7 9. f4 Qc7 10. e5 d5 11. Bd3 e6 12. Rg3 Ne7 13. Qf2 Bh6 14. Bd2 Nb6 15. Nd1
Nc4 16. Bb4 a5 17. Bxe7 Qxe7 18. b3 Nb6 19. Rf3 a4 20. g3 axb3 21. cxb3 Bf8 22.
Qd2 Qa3 23. Kf1 Bb4 24. Qc2 Kd7 25. Ne3 Qa7 26. Kg2 Nc8 27. Rc1 Ne7 28. f5 gxf5
29. Nxf5 Qxa2 30. Nxe7 Kxe7 31. Rf2 Qxc2 32. Rfxc2 Ba3 33. Ra1 Rhc8 34. Rca2 b4
35. Rf2 Ra7 36. Raf1 Ke8 37. Be2 Bb2 38. Rf4 c5 39. Bxh5 Bxd4 40. Bxf7+ Kd7 41.
Bh5 Ra2+ 42. Kh3 Bxe5 43. Rf7+ Kd6 44. Bg4 c4 45. bxc4 Rxc4 46. h5 Rcc2 47. Bf3
Rh2+ 48. Kg4 b3 49. Rb7 Ra4+ 50. Kg5 b2 51. Rb1 Ra1 52. R1xb2 Bxb2 53. h6 Bc1+
54. Kg6 Rxh6+ 55. Kg7 Rh3 0-1

[Event "2021 FIDE Online Olympiad"]
[Site "Chess.com"]
[Date "2021.08.29"]
[Round "8.3"]
[White "Vazquez Maccarini, Danitza"]
[Black "Torres Hernandez, Leslie Carolin"]
[Result "1-0"]
[WhiteElo "2014"]
[BlackElo "1861"]
[PlyCount "87"]
[EventDate "2021.08.27"]
[EventType "team"]
[EventRounds "9"]
[SourceVersionDate "2018.05.14"]
[WhiteTeam "Puerto Rico"]
[BlackTeam "Honduras"]
[WhiteTeamCountry "PUR"]
[BlackTeamCountry "HON"]

1. e4 e5 2. Nf3 d6 3. d4 exd4 4. Nxd4 Nf6 5. Nc3 Be7 6. Bc4 O-O 7. O-O Nxe4 8.
Nxe4 d5 9. Bd3 dxe4 10. Bxe4 Bf6 11. c3 Re8 12. Bc2 c5 13. Nb5 Qb6 14. a4 a6
15. Nd6 Rd8 16. Nxc8 Rxc8 17. a5 Qc7 18. Qg4 Nc6 19. Bf4 Be5 20. Bxe5 Nxe5 21.
Qh3 g6 22. Ra4 c4 23. f4 Qc5+ 24. Kh1 Nc6 25. f5 Re8 26. Qh4 Ne5 27. h3 Rad8
28. Qf4 b5 29. axb6 Qxb6 30. Rb4 Qd6 31. f6 Re6 32. Ra4 Nd3 33. Qxd6 Rdxd6 34.
Rxc4 h5 35. Rc8+ Kh7 36. Rf8 Ne5 37. Re1 Rd2 38. Bb3 Nf3 39. Bxe6 Nxe1 40.
Rxf7+ Kh6 41. Rd7 Rf2 42. f7 Kg7 43. Rd8 Nc2 44. Rg8+ 1-0

[Event "2021 FIDE Online Olympiad"]
[Site "Chess.com"]
[Date "2021.08.29"]
[Round "8.4"]
[White "Ortiz, Katherine Berenice"]
[Black "Morales Santos, Natasha"]
[Result "0-1"]
[WhiteElo "1842"]
[BlackElo "1720"]
[PlyCount "112"]
[EventDate "2021.08.27"]
[EventType "team"]
[EventRounds "9"]
[SourceVersionDate "2018.05.14"]
[WhiteTeam "Honduras"]
[BlackTeam "Puerto Rico"]
[WhiteTeamCountry "HON"]
[BlackTeamCountry "PUR"]

1. d4 e6 2. Bf4 f5 3. e3 Nf6 4. Nf3 d5 5. c4 c6 6. Nbd2 Be7 7. Bd3 O-O 8. Ne5
Ne4 9. O-O Nd7 10. h3 Ndf6 11. Rc1 Kh8 12. Ndf3 Qe8 13. a3 Rg8 14. Ng5 Nxg5 15.
Bxg5 h6 16. Bxf6 gxf6 17. Nf3 Qg6 18. Ne1 Bd6 19. f4 Rg7 20. Rc2 Bd7 21. Nf3
Qg3 22. Kh1 Rag8 23. Qe1 Qxe1 24. Rxe1 Be8 25. Bf1 Bh5 26. Rf2 Rg3 27. c5 Bc7
28. Nd2 a5 29. a4 Kg7 30. Nb3 Kf7 31. Nc1 Ke7 32. Ne2 Rxe3 33. Rd1 Bxe2 34.
Bxe2 Bxf4 35. Bf3 Bc7 36. Rc2 Kd7 37. Bh5 Rg7 38. Bf3 Kc8 39. Rcd2 Bg3 40. Rc2
e5 41. dxe5 fxe5 42. Re2 Rxe2 43. Bxe2 e4 44. Kg1 Kc7 45. Kf1 f4 46. Rd4 Bh4
47. Bg4 Bf6 48. Rd2 d4 49. Rf2 Be5 50. b3 e3 51. Re2 d3 52. Re1 Bd4 53. Rb1 Bc3
54. Rc1 Bb4 55. Rc4 Rxg4 56. hxg4 e2+ 0-1

[Event "2021 FIDE Online Olympiad"]
[Site "Chess.com"]
[Date "2021.08.29"]
[Round "8.5"]
[White "Mejias Nunez, Rafael E."]
[Black "Chahin Godoy, Angel Eduardo"]
[Result "1-0"]
[WhiteElo "1657"]
[BlackElo "1342"]
[PlyCount "65"]
[EventDate "2021.08.27"]
[EventType "team"]
[EventRounds "9"]
[SourceVersionDate "2018.05.14"]
[WhiteTeam "Puerto Rico"]
[BlackTeam "Honduras"]
[WhiteTeamCountry "PUR"]
[BlackTeamCountry "HON"]

1. d4 e6 2. c4 d5 3. Nc3 Nf6 4. cxd5 exd5 5. Bg5 Be7 6. e3 c6 7. Bd3 b6 8. Nf3
Bb7 9. Rc1 Nbd7 10. O-O O-O 11. Qe2 Ne4 12. Bf4 Ndf6 13. Ne5 c5 14. Rfd1 Nxc3
15. bxc3 c4 16. Bb1 b5 17. Qb2 Qa5 18. Rc2 Nh5 19. Bg3 Nxg3 20. hxg3 Rfd8 21.
Re2 Bf6 22. Ng4 Be7 23. Ne5 Rd6 24. e4 dxe4 25. Bxe4 Bxe4 26. Rxe4 Bf6 27. Rb1
a6 28. Rbe1 g6 29. Ng4 Bg7 30. Re8+ Rxe8 31. Rxe8+ Bf8 32. Qc1 Rd8 33. Qh6 1-0

[Event "2021 FIDE Online Olympiad"]
[Site "Chess.com"]
[Date "2021.08.29"]
[Round "8.6"]
[White "Mejia, Camila"]
[Black "Alvarado Perez, Coralys M."]
[Result "1-0"]
[WhiteElo "1275"]
[BlackElo "1529"]
[PlyCount "39"]
[EventDate "2021.08.27"]
[EventType "team"]
[EventRounds "9"]
[SourceVersionDate "2018.05.14"]
[WhiteTeam "Honduras"]
[BlackTeam "Puerto Rico"]
[WhiteTeamCountry "HON"]
[BlackTeamCountry "PUR"]

1. e4 g6 2. Nf3 Bg7 3. Nc3 c5 4. Bc4 Nf6 5. e5 Ng4 6. Bxf7+ Kf8 7. Bc4 Nxe5 8.
Nxe5 Bxe5 9. Qf3+ Bf6 10. d3 Kg7 11. Ne4 Nc6 12. Nxf6 exf6 13. O-O Ne5 14. Qd5
Nxc4 15. dxc4 Qe7 16. Bd2 d6 17. Rae1 Qc7 18. Re2 Bd7 19. Re7+ Kf8 20. Qf7# 1-0

[Event "2021 FIDE Online Olympiad"]
[Site "Chess.com"]
[Date "2021.08.29"]
[Round "8.1"]
[White "Smith, Shreyas"]
[Black "Tapia, Alexei"]
[Result "0-1"]
[WhiteElo "2091"]
[BlackElo "1983"]
[PlyCount "104"]
[EventDate "2021.08.27"]
[EventType "team"]
[EventRounds "9"]
[SourceVersionDate "2018.05.14"]
[WhiteTeam "Jamaica"]
[BlackTeam "Panama"]
[WhiteTeamCountry "JAM"]
[BlackTeamCountry "PAN"]

1. d4 Nf6 2. c4 e6 3. Nc3 d5 4. cxd5 exd5 5. Bg5 Be7 6. e3 O-O 7. Bd3 c6 8.
Nge2 Re8 9. O-O Nbd7 10. f3 c5 11. Kh1 cxd4 12. Nxd4 Ne5 13. Rc1 a6 14. Qc2 h6
15. Bh4 b5 16. Rfd1 Bb7 17. Nf5 Rc8 18. a3 Bf8 19. Qb3 g6 20. Nd4 Nc4 21. Bxc4
dxc4 22. Qc2 Qb6 23. Bf2 Bc5 24. Rd2 Rcd8 25. Rcd1 Kg7 26. b4 cxb3 27. Qxb3 Rc8
28. e4 Qa5 29. Nb1 Qb6 30. Qb2 Kh7 31. a4 b4 32. a5 Qc7 33. Nf5 Bxf2 34. Qxf6
gxf5 35. Qxf5+ Kg7 36. Rd7 Qc4 37. Rxb7 Red8 38. Rbd7 Rxd7 39. Qxd7 b3 40. Na3
Qe2 41. h4 Bxh4 42. Qg4+ Bg5 43. Rg1 Rc6 44. Qf5 Rg6 45. e5 Qf2 46. Qh3 Bf4 47.
Nc4 b2 48. Nxb2 Qxb2 49. Qf5 Qxe5 50. Qxe5+ Bxe5 51. Re1 Bc3 52. Re4 Bxa5 0-1

[Event "2021 FIDE Online Olympiad"]
[Site "Chess.com"]
[Date "2021.08.29"]
[Round "8.2"]
[White "Leon, Orlando"]
[Black "Christie, Joshua"]
[Result "0-1"]
[WhiteElo "2217"]
[BlackElo "1915"]
[PlyCount "50"]
[EventDate "2021.08.27"]
[EventType "team"]
[EventRounds "9"]
[SourceVersionDate "2018.05.14"]
[WhiteTeam "Panama"]
[BlackTeam "Jamaica"]
[WhiteTeamCountry "PAN"]
[BlackTeamCountry "JAM"]

1. d4 Nf6 2. Nf3 e6 3. Bf4 c5 4. e3 Nc6 5. c3 d5 6. Nbd2 Bd6 7. Bg3 O-O 8. Bd3
Re8 9. Ne5 Qc7 10. f4 b6 11. Bh4 Be7 12. Qf3 Bb7 13. g4 cxd4 14. exd4 Ne4 15.
Bxe7 Nxd2 16. Kxd2 Qxe7 17. Qh3 g6 18. Rae1 Rac8 19. Qh6 Qf8 20. Qh4 Qe7 21. g5
h5 22. Nxg6 fxg6 23. Bxg6 Nxd4 24. Qxh5 Rf8 25. cxd4 Rxf4 0-1

[Event "2021 FIDE Online Olympiad"]
[Site "Chess.com"]
[Date "2021.08.29"]
[Round "8.3"]
[White "Miller, Rachel"]
[Black "Barria Baker, Raisa Melissa"]
[Result "1-0"]
[WhiteElo "2004"]
[BlackElo "1998"]
[PlyCount "153"]
[EventDate "2021.08.27"]
[EventType "team"]
[EventRounds "9"]
[SourceVersionDate "2018.05.14"]
[WhiteTeam "Jamaica"]
[BlackTeam "Panama"]
[WhiteTeamCountry "JAM"]
[BlackTeamCountry "PAN"]

1. e4 c5 2. Nc3 d6 3. d4 cxd4 4. Qxd4 Nc6 5. Qd2 g6 6. b3 Bg7 7. Bb2 Nf6 8. f3
O-O 9. O-O-O Be6 10. g4 Qa5 11. Kb1 Rac8 12. h4 h5 13. gxh5 Nxh5 14. Nge2 b5
15. Rg1 Qb6 16. Qg5 Ne5 17. Nd4 Qxd4 18. Rxd4 Nxf3 19. Qe3 Bxd4 20. Qxf3 Bxg1
21. Nd5 Bxd5 22. exd5 Bh2 23. Bxb5 Be5 24. Bc1 Rc3 25. Bd3 Rfc8 26. Bd2 R3c7
27. c4 Kg7 28. Be3 Nf6 29. Qg2 Rh8 30. Bf2 a5 31. Bb6 Rb7 32. Bxa5 Rxh4 33. Be1
Rg4 34. Qe2 Rg1 35. Kc2 Rc7 36. Qf2 Rg4 37. Kb1 Rf4 38. Qe2 Bd4 39. Bd2 Rf2 40.
Qd1 Rg2 41. a4 Rg1 42. Bf1 Ne4 43. Ka2 Nxd2 44. Qxd2 Rxf1 45. Qxd4+ Kg8 46. a5
Rh1 47. a6 Rh2+ 48. Ka3 f6 49. a7 Rc8 50. Qb6 Kf7 51. Qb8 Rhh8 52. Qb7 g5 53.
Qd7 Rhd8 54. Qe6+ Kf8 55. b4 Ra8 56. b5 Rxa7+ 57. Kb4 Rda8 58. b6 Rb7 59. Kb5
Rab8 60. c5 dxc5 61. Kxc5 Rxb6 62. Qh3 Rb5+ 63. Kc6 R8b6+ 64. Kc7 Rb7+ 65. Kc6
R5b6+ 66. Kc5 Rd6 67. Qc8+ Kf7 68. Qxb7 f5 69. Qb1 Kf6 70. Qb2+ Kg6 71. Qe2 g4
72. Qxe7 Rf6 73. d6 Rxd6 74. Qxd6+ Kg5 75. Kd4 Kh4 76. Ke3 g3 77. Kf3 1-0

[Event "2021 FIDE Online Olympiad"]
[Site "Chess.com"]
[Date "2021.08.29"]
[Round "8.4"]
[White "Chung, Yaleika"]
[Black "Clarke, Adani"]
[Result "1/2-1/2"]
[WhiteElo "1744"]
[BlackElo "1646"]
[PlyCount "89"]
[EventDate "2021.08.27"]
[EventType "team"]
[EventRounds "9"]
[SourceVersionDate "2018.05.14"]
[WhiteTeam "Panama"]
[BlackTeam "Jamaica"]
[WhiteTeamCountry "PAN"]
[BlackTeamCountry "JAM"]

1. c4 e6 2. Nc3 Nf6 3. Nf3 d5 4. cxd5 Nxd5 5. g3 Nxc3 6. bxc3 Bc5 7. Bg2 O-O 8.
O-O Nd7 9. a4 Nf6 10. Qc2 Re8 11. Ng5 h6 12. Ne4 Nxe4 13. Bxe4 e5 14. Qb3 c6
15. d3 Qc7 16. Ba3 Be6 17. Qb2 Bxa3 18. Qxa3 Bd5 19. Bxd5 cxd5 20. Rfc1 Rac8
21. c4 dxc4 22. Rxc4 Qd7 23. Rac1 Rxc4 24. Rxc4 Rc8 25. Qb4 Rc6 26. Qb5 a6 27.
Qxe5 Rxc4 28. dxc4 Qxa4 29. c5 Qc6 30. e4 a5 31. f3 a4 32. Qb8+ Kh7 33. Qd6 Qb5
34. Qd5 Qc6 35. Qc4 b6 36. Qxf7 Qxc5+ 37. Kg2 a3 38. f4 b5 39. f5 Qc6 40. Kf3
b4 41. h4 Qc3+ 42. Kf4 Qf6 43. Qb3 Qd6+ 44. Kg4 Qd4 45. Qe6 1/2-1/2

[Event "2021 FIDE Online Olympiad"]
[Site "Chess.com"]
[Date "2021.08.29"]
[Round "8.5"]
[White "Glaves, Raheem"]
[Black "Mendez, Andre"]
[Result "1-0"]
[WhiteElo "1983"]
[BlackElo "1574"]
[PlyCount "81"]
[EventDate "2021.08.27"]
[EventType "team"]
[EventRounds "9"]
[SourceVersionDate "2018.05.14"]
[WhiteTeam "Jamaica"]
[BlackTeam "Panama"]
[WhiteTeamCountry "JAM"]
[BlackTeamCountry "PAN"]

1. d4 Nf6 2. Nf3 e6 3. Bf4 d5 4. e3 Bd6 5. Ne5 O-O 6. Nd2 Bxe5 7. Bxe5 c5 8.
dxc5 Nc6 9. Bd6 Re8 10. Bb5 e5 11. O-O a6 12. Bxc6 bxc6 13. c4 Bg4 14. Qc2 Qd7
15. Rfe1 Bf5 16. Qc3 Qe6 17. Nf3 Nd7 18. Rac1 Rac8 19. b4 Bg4 20. Nd2 f5 21. f3
Bh5 22. Nb3 Qg6 23. Kh1 Re6 24. cxd5 cxd5 25. Qd3 e4 26. fxe4 dxe4 27. Qd5 Rce8
28. Nd4 Nf6 29. Qxf5 Qh6 30. Nxe6 Bg4 31. Qg5 Bxe6 32. Qxh6 gxh6 33. a4 Nd5 34.
b5 Nb4 35. Rf1 Nd3 36. Rc3 Bg4 37. Bg3 Be2 38. Rb1 axb5 39. axb5 Rf8 40. b6 Bg4
41. b7 1-0

[Event "2021 FIDE Online Olympiad"]
[Site "Chess.com"]
[Date "2021.08.29"]
[Round "8.6"]
[White "Vasquez Jaen, Lourdes Lorena"]
[Black "Brown, Raehanna"]
[Result "0-1"]
[WhiteElo "1410"]
[BlackElo "1540"]
[PlyCount "78"]
[EventDate "2021.08.27"]
[EventType "team"]
[EventRounds "9"]
[SourceVersionDate "2018.05.14"]
[WhiteTeam "Panama"]
[BlackTeam "Jamaica"]
[WhiteTeamCountry "PAN"]
[BlackTeamCountry "JAM"]

1. e4 c5 2. Nf3 Nc6 3. d3 g6 4. Nbd2 Bg7 5. g3 d6 6. Bg2 e5 7. O-O Nf6 8. c3
O-O 9. Re1 Ne8 10. Nf1 h6 11. h3 Kh7 12. N3h2 f5 13. f4 Nf6 14. Nd2 exf4 15.
gxf4 Nh5 16. Rf1 Qe7 17. Nc4 Rb8 18. Be3 b5 19. Nd2 Nd8 20. Bf3 Nf6 21. Bg2 Bb7
22. Re1 Qd7 23. exf5 Qxf5 24. Bxb7 Rxb7 25. Qf3 Qxd3 26. Ndf1 Qe4 27. Rad1 Qxf3
28. Nxf3 Nf7 29. Ng3 Re8 30. Bf2 Rbe7 31. Rxe7 Rxe7 32. Nd2 Nd5 33. f5 Nf4 34.
fxg6+ Kxg6 35. Kh2 Be5 36. Nde4 Ng5 37. Nxg5 hxg5 38. Rg1 Rh7 39. Be3 Rxh3# 0-1

[Event "2021 FIDE Online Olympiad"]
[Site "Chess.com"]
[Date "2021.08.29"]
[Round "8.1"]
[White "Warner, Delisle"]
[Black "Chavez, Ricardo Ernesto"]
[Result "0-1"]
[WhiteElo "2195"]
[BlackElo "2224"]
[PlyCount "64"]
[EventDate "2021.08.27"]
[EventType "team"]
[EventRounds "9"]
[SourceVersionDate "2018.05.14"]
[WhiteTeam "Barbados"]
[BlackTeam "El Salvador"]
[WhiteTeamCountry "BAR"]
[BlackTeamCountry "ESA"]

1. d4 Nf6 2. c4 d6 3. Nc3 Nbd7 4. e4 e5 5. Nf3 Be7 6. Be2 O-O 7. O-O c6 8. Re1
a6 9. a4 a5 10. h3 Qc7 11. Be3 Re8 12. Rc1 Nf8 13. Bf1 Ne6 14. c5 dxc5 15. d5
Nd4 16. Nd2 Rd8 17. f4 exf4 18. Bxd4 cxd4 19. Nb5 Qe5 20. Nf3 Qh5 21. dxc6 bxc6
22. Rxc6 Bd7 23. Rc7 Bb4 24. Nfxd4 Bxe1 25. Qxe1 Qe5 26. Nf3 Qxe4 27. Qh4 Rac8
28. Rxc8 Rxc8 29. Kh2 Rc1 30. Ng5 Qe3 31. Nxh7 Nxh7 32. Qd8+ Nf8 0-1

[Event "2021 FIDE Online Olympiad"]
[Site "Chess.com"]
[Date "2021.08.29"]
[Round "8.2"]
[White "Arias, Lemnys A."]
[Black "Edwards, Emar"]
[Result "1-0"]
[WhiteElo "2303"]
[BlackElo "1455"]
[PlyCount "73"]
[EventDate "2021.08.27"]
[EventType "team"]
[EventRounds "9"]
[SourceVersionDate "2018.05.14"]
[WhiteTeam "El Salvador"]
[BlackTeam "Barbados"]
[WhiteTeamCountry "ESA"]
[BlackTeamCountry "BAR"]

1. e4 c5 2. Nf3 e6 3. d4 cxd4 4. Nxd4 Nf6 5. Nc3 Nc6 6. Ndb5 Bb4 7. a3 Bxc3+ 8.
Nxc3 d5 9. exd5 Nxd5 10. Nxd5 exd5 11. Bd3 Qe7+ 12. Qe2 Qxe2+ 13. Kxe2 O-O 14.
Bf4 Re8+ 15. Kd2 Bd7 16. Rhe1 Re6 17. b4 Rae8 18. Bg3 Nd4 19. f3 Bb5 20. Rxe6
Rxe6 21. Bxb5 Nxb5 22. Kd3 Rc6 23. a4 Nd6 24. b5 Rb6 25. Bf2 Nc4 26. Bxb6 Nxb6
27. Kd4 Kf8 28. a5 Nc4 29. Kxd5 Ne3+ 30. Kd6 Nxg2 31. Kc7 b6 32. axb6 axb6 33.
Kxb6 Nh4 34. Kc7 Nxf3 35. b6 Nd4 36. b7 Nb5+ 37. Kd7 1-0

[Event "2021 FIDE Online Olympiad"]
[Site "Chess.com"]
[Date "2021.08.29"]
[Round "8.3"]
[White "Figueroa, Julissa"]
[Black "Garcia, Angie"]
[Result "0-1"]
[WhiteElo "1701"]
[BlackElo "1802"]
[PlyCount "78"]
[EventDate "2021.08.27"]
[EventType "team"]
[EventRounds "9"]
[SourceVersionDate "2018.05.14"]
[WhiteTeam "Barbados"]
[BlackTeam "El Salvador"]
[WhiteTeamCountry "BAR"]
[BlackTeamCountry "ESA"]

1. e4 e6 2. d4 d5 3. e5 c5 4. c3 b6 5. Nf3 Qd7 6. Be2 Ba6 7. O-O Bxe2 8. Qxe2
Nc6 9. Na3 a6 10. Nc2 Nge7 11. a3 Ng6 12. b4 c4 13. g3 Be7 14. h4 O-O-O 15. Ng5
Qe8 16. h5 Nf8 17. Qf3 f6 18. exf6 gxf6 19. Nh3 Qf7 20. Be3 Nb8 21. Rfe1 Nbd7
22. Bh6 Rg8 23. Ne3 f5 24. Nf4 Bg5 25. Bxg5 Rxg5 26. Neg2 Nf6 27. Nh4 Ne4 28.
Re3 Nd7 29. Rae1 Ndf6 30. R3e2 Rdg8 31. Nhg2 Ng4 32. Rxe4 fxe4 33. Qe2 Qf5 34.
Nh4 Qf6 35. Kg2 Nh6 36. Kh3 Nf5 37. Rg1 Nxh4 38. Kxh4 Qxf4+ 39. gxf4 Rxg1 0-1

[Event "2021 FIDE Online Olympiad"]
[Site "Chess.com"]
[Date "2021.08.29"]
[Round "8.4"]
[White "Herrera, Marjorie"]
[Black "Wilson, Hannah"]
[Result "1-0"]
[WhiteElo "1539"]
[BlackElo "1164"]
[PlyCount "119"]
[EventDate "2021.08.27"]
[EventType "team"]
[EventRounds "9"]
[SourceVersionDate "2018.05.14"]
[WhiteTeam "El Salvador"]
[BlackTeam "Barbados"]
[WhiteTeamCountry "ESA"]
[BlackTeamCountry "BAR"]

1. e4 c5 2. Nf3 g6 3. d4 cxd4 4. Nxd4 Nc6 5. Nc3 Bg7 6. Nde2 Nf6 7. h3 d6 8. g4
O-O 9. Bg2 Be6 10. b3 Rc8 11. Bd2 d5 12. Rc1 d4 13. Na4 Ne5 14. f4 d3 15. fxe5
dxe2 16. Qxe2 Nd7 17. O-O Nxe5 18. Bf4 Qa5 19. c4 a6 20. Bd2 Qd8 21. Nc3 Qd6
22. Nd5 Bxd5 23. exd5 Rfe8 24. Bf4 e6 25. Qd2 Red8 26. Rcd1 Qc5+ 27. Kh1 Qe7
28. Qe3 Nd7 29. d6 Qe8 30. Bxb7 Rb8 31. Bg2 Nf6 32. d7 Nxd7 33. Bxb8 Nxb8 34.
Rxd8 Qxd8 35. Qf4 Qe8 36. Qc7 Nd7 37. Bc6 Qe7 38. Qxd7 Qxd7 39. Bxd7 h6 40. Be8
f5 41. Bxg6 fxg4 42. hxg4 Bb2 43. Bf7+ Kg7 44. Bxe6 a5 45. c5 Be5 46. c6 Bc7
47. Rf7+ Kg6 48. Rxc7 Kf6 49. Bd7 Ke5 50. Ra7 Kd6 51. Rxa5 Kc7 52. Rh5 Kd6 53.
Rxh6+ Kc7 54. g5 Kb6 55. g6 Kc7 56. g7 Kb6 57. g8=Q Kc5 58. Qc4+ Kb6 59. c7+
Ka5 60. Qb5# 1-0

[Event "2021 FIDE Online Olympiad"]
[Site "Chess.com"]
[Date "2021.08.29"]
[Round "8.5"]
[White "Wilson, Louis"]
[Black "Melara, Moises"]
[Result "0-1"]
[WhiteElo "1143"]
[BlackElo "1979"]
[PlyCount "107"]
[EventDate "2021.08.27"]
[EventType "team"]
[EventRounds "9"]
[SourceVersionDate "2018.05.14"]
[WhiteTeam "Barbados"]
[BlackTeam "El Salvador"]
[WhiteTeamCountry "BAR"]
[BlackTeamCountry "ESA"]

1. e4 c5 2. Nf3 e6 3. d4 cxd4 4. Nxd4 a6 5. Nc3 Qc7 6. a3 Nf6 7. Be3 d6 8. Be2
Nbd7 9. Qd2 Be7 10. f3 b5 11. g4 Nb6 12. h4 Nfd7 13. f4 Bb7 14. h5 Nc5 15. Bd3
d5 16. e5 Nc4 17. Qc1 Nxd3+ 18. cxd3 Nxe3 19. Qxe3 b4 20. axb4 Bxb4 21. Rc1 Rc8
22. Ke2 O-O 23. Nxd5 Qa5 24. Nxb4 Bxh1 25. Rxh1 Qxb4 26. Rb1 Rfd8 27. Nf3 Rc2+
28. Nd2 Rxb2 29. Rxb2 Qxb2 30. g5 Qd4 31. Qg3 a5 32. Ne4 Qb2+ 33. Ke3 Qb6+ 34.
Ke2 Qb2+ 35. Ke3 Qd4+ 36. Ke2 Rb8 37. g6 Rb2+ 38. Nd2 hxg6 39. hxg6 fxg6 40.
Qxg6 Rxd2+ 41. Kxd2 Qxf4+ 42. Kc2 Qxe5 43. d4 Qf5+ 44. Qxf5 exf5 45. Kc3 Kf7
46. Kc4 Ke7 47. Kc5 Kd7 48. Kd5 a4 49. Kc4 g5 50. Kb4 g4 51. Kxa4 g3 52. Kb3 g2
53. Kc2 g1=Q 54. Kd2 0-1

[Event "2021 FIDE Online Olympiad"]
[Site "Chess.com"]
[Date "2021.08.29"]
[Round "8.6"]
[White "Vasquez Vasquez, Marielos"]
[Black "Moore, Gaybrianna"]
[Result "0-1"]
[WhiteElo "1498"]
[BlackElo "1321"]
[PlyCount "98"]
[EventDate "2021.08.27"]
[EventType "team"]
[EventRounds "9"]
[SourceVersionDate "2018.05.14"]
[WhiteTeam "El Salvador"]
[BlackTeam "Barbados"]
[WhiteTeamCountry "ESA"]
[BlackTeamCountry "BAR"]

1. c4 f5 2. Nc3 Nf6 3. d4 e6 4. Bg5 c6 5. e3 Be7 6. Bd3 d5 7. Nge2 O-O 8. O-O
Qe8 9. Nf4 h6 10. Bxf6 Bxf6 11. cxd5 exd5 12. Rc1 Bg5 13. Re1 Be6 14. Nce2 Nd7
15. Ng3 g6 16. Qc2 Qf7 17. b4 Rac8 18. Qb3 a6 19. a4 Nb6 20. Rc2 Be7 21. Nxe6
Qxe6 22. e4 fxe4 23. Rxe4 Qf6 24. Rce2 Rce8 25. Re6 Qxd4 26. Rxg6+ Kf7 27. Bb1
Bf6 28. Re3 Qd2 29. h4 Rxe3 30. fxe3 Bxh4 31. Nh5 Bg5 32. e4 Qe3+ 33. Qxe3
Bxe3+ 34. Kh2 Kxg6 35. Ng3 dxe4 36. Bxe4+ Kf6 37. a5 Nc4 38. Nh5+ Kg5 39. Ng7
Rf6 40. Bd3 Ne5 41. Be2 Kg6 42. Ne8 Rf2 43. Bd1 Rb2 44. Kg3 Rxb4 45. Bc2+ Kf7
46. Nd6+ Ke6 47. Ne4 Nc4 48. Kf3 Bg5 49. g4 Nxa5 0-1